00517nam a2200145Ia 4500003000900000008004100009020002600050040001600076100002700092245006400119260003200183300002000215490003300235856010300268IN-BaIIA211028s9999 xx s 000 0 eng d a9780819416070 (Print) cIIA Library aFineschi, Silvano, ed. 0aX-Ray and Ultraviolet Spectroscopy and Polarimetryh[eBook] aWashington, USAbSPIEc1994 aOnline resource aProceedings of SPIE; V. 2283 uhttps://www.spiedigitallibrary.org/conference-proceedings-of-spie/2283yClick Here to Access eBook